000 00644nam a2200205Ii 4500
003 JO-AjNU
008 230605s9999||||xx |||||||||||||| ||und||
040 _aJO-AjNU
_bara
_erda
_cJO-AjNU
041 _aara
050 1 4 _aLC191.S35 1981
100 3 _aسرحان،منير مرسي,
_eauthor
_914042
245 0 0 _aفي إجتماعيات التربية
250 _aط3
264 3 1 _aبيروت:دار النهضة العربية،1981
300 _a287ص
336 _atext
_btxt
_2rdacontent
337 _aunmediated
_bn
_2rdamedia
338 _avolume
_bnc
_2rdacarrier
650 4 _aفلسفة-علم الإجتماع التربوي
_914043
999 _aA3650
_c7218
_d7218